Bhagavad-gītā tal como es (Record no. 148071)

MARC details
000 -LEADER
fixed length control field 00704nam a22001937a 4500
005 - DATE AND TIME OF LATEST TRANSACTION
control field 20230607105208.0
008 - FIXED-LENGTH DATA ELEMENTS--GENERAL INFORMATION
fixed length control field 190404b sp ||||| |||| 00| 0 spa d
020 ## - INTERNATIONAL STANDARD BOOK NUMBER
International Standard Book Number 9788486883188
050 04 - LIBRARY OF CONGRESS CALL NUMBER
Classification number BL1130.A4
Item number B43 1984
100 1# - MAIN ENTRY--PERSONAL NAME
Personal name Swami Prabhupåada, A C Bhaktivedanta
245 13 - TITLE STATEMENT
Title Bhagavad-gītā tal como es
Statement of responsibility, etc / traductor A C Bhaktivedanta Swami Prabhupåada
250 ## - EDITION STATEMENT
Edition statement 1a ed. completa
260 ## - PUBLICATION, DISTRIBUTION, ETC. (IMPRINT)
Place of publication, distribution, etc España:
Name of publisher, distributor, etc The Bhaktivedanta Book Trust:
Date of publication, distribution, etc 1984
300 ## - PHYSICAL DESCRIPTION
Extent 895 p. :
Other physical details il. ;
Dimensions 22 cm.
504 ## - BIBLIOGRAPHY, ETC. NOTE
Bibliography, etc Incluye bibliografías, glosario e índices
650 #4 - SUBJECT ADDED ENTRY--TOPICAL TERM
Topical term or geographic name as entry element Hinduízmo
General subdivision Bases teológicas
-- Filosofía
700 ## - ADDED ENTRY--PERSONAL NAME
Personal name A C Bhaktivedanta Swami Prabhupåada
Relator term traductor
942 ## - ADDED ENTRY ELEMENTS (KOHA)
Source of classification or shelving scheme Biblioteca del Cogreso de los Estados Unidos
Koha item type Libro
Holdings
Estado de pérdida Fuente de clasificación Estado del daño No para préstamo Ubicación permanente Ubicación actual Apartado o colección Fecha de adquisición Fuente de adquisición Edición Dependencia de educación superior (DES) Área del conocimiento Clasificación Código de Barras Date last seen Número de copia Costo por reposición Tipo de recurso
  Biblioteca del Cogreso de los Estados Unidos     Biblioteca de la Facultad de Filosofía Biblioteca de la Facultad de Filosofía General 04/04/2019 Unidad Académica Genérico 1a ed. Humanidades Educación y Humanidades BL1130.A4 B43 1984 BFF000032157 04/04/2019 C:1 1.00 Libro